| 000 | 004640000a22001810004500 | ||
|---|---|---|---|
| 003 | MACL | ||
| 005 | 20150903124536.0 | ||
| 008 | 150903b xxu||||| |||| 00| 0 eng d | ||
| 040 |
_aMACL _cMACL |
||
| 041 | _aEnglish | ||
| 082 | _a800/MUK | ||
| 100 |
_aMukharji, Dr Ramaranjan _98822 |
||
| 245 | _aLiterary Criticism in Ancient India | ||
| 260 |
_bSanskrit Pustak Bhandar _c1990 _aCalcutta |
||
| 350 | _a300 | ||
| 650 |
_aLiterature _98823 |
||
| 942 |
_cBK _k800 _2ddc |
||
| 999 |
_c4416 _d4416 |
||